Southville International School and Colleges
Your cart is empty.
  • Cart
  • Lists
    Public lists list_1 View all
    Your lists Log in to create your own lists
  • Log in to your account
  • Your cookies
  • Search history
Southville International School and Colleges
  • Advanced search
  • Recent comments
  • Most popular
  • Libraries

Log in to your account

Log in with GOOGLE


If you do not have an external account, but do have a local account, you can still log in:

  1. Home
  2. MARC view: Comics and graphic novels /
Normal view MARC view ISBD view

Comics and graphic novels / (Record no. 366517)

[ view plain ]
MARC details
000 -LEADER
fixed length control field 01631nam a22002177a 4500
003 - CONTROL NUMBER IDENTIFIER
control field 0
005 - DATE AND TIME OF LATEST TRANSACTION
control field 20241011143622.0
008 - FIXED-LENGTH DATA ELEMENTS--GENERAL INFORMATION
fixed length control field 241011b xxu||||| |||| 00| 0 eng d
020 ## - INTERNATIONAL STANDARD BOOK NUMBER
International Standard Book Number 9781350336094
050 ## - LIBRARY OF CONGRESS CALL NUMBER
Classification number PN 6710
Item number .R68 2023
100 ## - MAIN ENTRY--PERSONAL NAME
Personal name Round, Julia,
Relator term author.
245 ## - TITLE STATEMENT
Title Comics and graphic novels /
Statement of responsibility, etc Julia Round, Rikke Platz Cortsen, Maaheen Ahmed.
260 ## - PUBLICATION, DISTRIBUTION, ETC. (IMPRINT)
Place of publication, distribution, etc New York, NY :
Name of publisher, distributor, etc Bloomsbury Academic,
Date of publication, distribution, etc 2023.
300 ## - PHYSICAL DESCRIPTION
Extent ix, 268 p. ;
Dimensions 22 cm.
490 ## - SERIES STATEMENT
Series statement eaders' guides to essential criticism.
504 ## - BIBLIOGRAPHY, ETC. NOTE
Bibliography, etc Includes bibliographical references and index.
520 ## - SUMMARY, ETC.
Summary, etc "Providing an overview of the dynamic field of comics and graphic novels for students and researchers, this Essential Guide contextualises the major research trends, debates and ideas that have emerged in Comics Studies over the past decades. Interdisciplinary and international in its scope, the critical approaches on offer spread across a wide range of strands, from the formal and the ideological to the historical, literary and cultural. Its concise chapters provide accessible introductions to comics methodologies, comics histories and cultures across the world, high-profile creators and titles, insights from audience and fan studies, and important themes and genres, such as autobiography and superheroes. It also surveys the alternative and small press alongside general reference works and textbooks on comics. Each chapter is complemented by list of key reference works"--Provided by publisher.
650 ## - SUBJECT ADDED ENTRY--TOPICAL TERM
Topical term or geographic name as entry element Comic books, strips, etc.
Form subdivision history & criticism.
650 ## - SUBJECT ADDED ENTRY--TOPICAL TERM
Topical term or geographic name as entry element Graphic novels
Form subdivision history & criticism.
942 ## - ADDED ENTRY ELEMENTS (KOHA)
Source of classification or shelving scheme Library of Congress Classification
Koha item type Books
Holdings
Withdrawn status Lost status Source of classification or shelving scheme Damaged status Home library Current library Shelving location Date acquired Source of acquisition Total Checkouts Full call number Barcode Date last seen Price effective from Koha item type
    Library of Congress Classification   College Library College Library Reserve Section 10/11/2024 Library Fund   PN 6710 .R68 2023 C23793 10/11/2024 10/11/2024 Books

Comics and graphic novels /

APA

Round J., . (2023). Comics and graphic novels. New York, NY: Bloomsbury Academic.

Chicago

Round Julia, . 2023. Comics and graphic novels. New York, NY: Bloomsbury Academic.

Harvard

Round J., . (2023). Comics and graphic novels. New York, NY: Bloomsbury Academic.

MLA

Round Julia, . Comics and graphic novels. New York, NY: Bloomsbury Academic. 2023.

  • Place hold
  • Print
  • Cite
  • Add to your cart (remove)
  • Save record
    BIBTEX Dublin Core MARCXML MARC (non-Unicode/MARC-8) MARC (Unicode/UTF-8) MARC (Unicode/UTF-8, Standard) MODS (XML) RIS
  • More searches
    Search for this title in:
    Other Libraries (WorldCat) Other Databases (Google Scholar) Online Stores (Bookfinder.com) Open Library (openlibrary.org)

Exporting to Dublin Core...

SOUTHVILLE LIBRARY

Southville International School and Colleges Library

1281 Tropical Ave. Cor. Luxembourg St., BF Homes International, Las Pinas City

Tel. No. 8256374 / 252358 Loc. 117/146

Powered by Koha